=LDR 00000nam 2200000 4500 =001 INLIS000000000014524 =005 20130612105814 =008 ************************************* =035 ##$$0010-061300000014524 =082 ##$$a 618.3 =090 ##$$a 618.3, Inf i =100 ##$$a Evy Yunihastuti...(et.al.) =245 ##$$a Infeksi HIV pada kehamilan =260 ##$$a 2003 $b Jakarta =300 ##$$a xi, 43 hlm, Ilus, 19 cm =650 ##$$a Kehamilan, komlikasi dari =850 ##$$a NBPNMAT